00413 2200157 4500245006000000020002200060250001100082100002200093650002100115005001900136260003700155041001400192084001400206300002600220336000900246 aPemanasan Global dan DampaknyacAdrian R. NugrahahText a978-602-221-048-1 aCet. 1 aAdrian R. Nugraha aPemanasan Global a20230307110344 aJakartabGading Inti Primac2013 aIndonesia a363.73874 aiv, 92 hlm. :c25 cm. atext